How well do you know One Direction? - Statistics

General Stats
  • This quiz has been taken 2,462 times
    2,451 since last reset
  • The average score is 9 of 41
Answer Stats
Hint Answer % Correct
Who is daddy direction? Liam Payne
89%
If they were to add a member to their band, who would it be? Ed Sheeran
77%
Which member has a lesbian ex girlfriend? Harry
77%
Who made a cover of "Look after you"? Louis
72%
Who is claustrophobic? Niall
70%
Who is the boy belieber? Niall
70%
What was their first song together? Torn
57%
Who is Gemma? Harry's sister
55%
What group is Zayn's girlfriend from? Little Mix
52%
What is Zayn's middle name? Jawaad
39%
What is Niall's lucky charm? White socks
36%
Who is their stylist? Lou Teasdale
35%
What old lady did Harry date? Caroline Flack
28%
What town is Liam from Wolverhampton
24%
What does Louis' mom call him? Boo-Bear
23%
What did Harry get hit in the face with? Tampon
18%
Who is their drummer? Josh Devine
16%
What celebritity have a crush on Niall? Demi Lovato
14%
What pattern is on Niall's onsie? American Flag
10%
What is Louis called (because of his hometown?) SwagMaster from Doncaster
10%
What was their first studio version of their x-factor song? Forever Young
9%
What song did they sing during the Halloween episode of the X Factor? Total Eclipse of the Heart
9%
Who is Hannah? Louis ex-girlfriend
8%
Who is Baby Lux Their stylists daughter
7%
What did they bring to the MIB premier? Nerf- Guns
6%
Who has the same onsie as Niall? Justin Bieber
5%
Who is Phoebe and Daisy? Louis' little sisters
4%
Where did Eleanor take Lottie? New York
4%
Where was Niall and Liam mobbed by fans? New York
4%
Harry's favorite food? sweet corn
4%
What did Louis do when Eleanor's feet were hurting? gave her his shoes
3%
What game can no one beat Liam at? Pokemon
3%
What is their drummer's little brother's name? Ben
2%
What colone does Niall wear? Armani Mania
1%
Who is Maz? Liam's best friend
1%
Who does Danielle dance for? LMFAO
1%
what can Niall and Liam speaka to? munkays
1%
What are their body gaurds first names? Paul and Preston
1%
Who wears dresses to the gym? Sydney Dalton
1%
What was the girl going to post when she got wi-fi? Harry's streaking through the airport
0%
What did Becky Sales do at a concert? Ran up on stage
0%
No matching quizzes found
Score Distribution
Percent of People with Each Score
Percentile by Number Answered
Your Score History
You have not taken this quiz since the last reset